| 000 | 01353nam0a22003131 4500 | ||
|---|---|---|---|
| 001 | rc\2570178 | ||
| 005 | 20230413172425.0 | ||
| 035 | _a(NLR Aleph) 006734931 | ||
| 090 |
_a5583452 _c5583452 |
||
| 100 | _a20110914d1928 |||y0rusy50 ca | ||
| 101 | 1 |
_arus _cund |
|
| 102 | _aRU | ||
| 105 | _ay z |||a| | ||
| 200 | 1 |
_aМолодой Казакстан _eРассказы современных писателей Казакстана _fМухтар Ауэзов, Жусупбек Аймаутов, Беимбет Майлин _gПер. с кирг. под ред. С. Садвокасова |
|
| 210 |
_aМосква _cОгонек _d1928 _gтипо-лит. акц. издат. о-ва "Огонек" |
||
| 215 |
_a41, [2] с., [1] с. объявл. _d15х11 см. |
||
| 225 | 1 |
_aБиблиотека "Огонек" _v№ 370 |
|
| 300 | _aНа обл. авт. не указаны | ||
| 300 | _aОбложка: В. Коринский | ||
| 700 | 1 |
_aАуэзов _bМ. О. _f1897-1961 _gМухтар Омарханович |
|
| 701 | 1 |
_aМайлин _bБ. _gБеимбет |
|
| 701 | 1 |
_aАймауытов _bЖ. _f1889-1931 _gЖусыпбек _3RU\NLR\AUTH\770173581 |
|
| 702 | 1 |
_aСадвокасов _bС. _4340 |
|
| 801 | 0 |
_aRU _bNLR _gpsbo |
|
| 801 | 1 |
_aRU _bELAR _2rusmarc |
|
| 852 |
_aNLR _j17.140.3.231/370 |
||
| 942 | _cBOOK | ||
| 980 | _aNB | ||